000 01065nac a22003497a 4500
001 BR7907654
003 BR-BrBNA
005 20240105114541.0
008 230509b bl.|||m| |||| 00| 0 por d
040 _aBR-BrBNA
_bpor
_cBiblioteca Nacional de Agricultura
072 _aE70
090 _aE70 BR7907654
110 1 _aFundacao Instituto Brasileiro de Geografia e Estatistica, Rio de Janeiro, RJ
245 1 _aArmazenagem e estocagem a seco e a frio; Regiao Centro-Oeste, 1979 [Brasil]
260 3 _aRio de Janeiro, RJ (Brasil):
_c1982.
300 _a178 p.
490 _aArmazenagem e Estocagem a Seco e a Frio (Brazil)
_vv. 4(9)
_xISSN 0101-028X
500 _aNumerical data
650 _aARMAZENAMENTO
650 _aESTOCAGEM
650 _aMERCADORIA
650 _aPRODUTO ARMAZENADO
650 _aEXPURGO
650 _aARMAZEM
650 _aENTREPOSTO
650 _aSILO
650 _aFRIGORIFICO
650 _aTRANSPORTE
650 _aREGIAO CENTRO-OESTE
909 _a202312
_bLúcia Elande
_c55
_dLúcia Elande
942 _2AGRIS
_n0
_cMS
999 _c269985
_d269985